000 00730nam a2200181Ia 4500
008 100920s9999 xx 000 0 und d
082 _b91778
_a891.463.1 न 05
100 _aसंपा., घारे दीपक.
245 _aह.मो. मराठे यांच्या निवडक कथा.
260 _bमॅजेस्टिक बुक स्टॉल, मुंबई.4.
_c2005
300 _a164
_bसाधी
365 _b160
520 _aलघुकथा.
630 _aह.मो. मराठे यांच्या निवडक कथा.
650 _aलघुकथा.
730 _aह.मो. मराठे यांच्या निवडक कथा.
942 _cBOOK
999 _c732244
_d732241